| 000 | 00538nam a22001817a 4500 | ||
|---|---|---|---|
| 003 | OSt | ||
| 005 | 20260504041016.0 | ||
| 008 | 260504b |||||||| |||| 00| 0 eng d | ||
| 020 | _a9780007350995 | ||
| 040 |
_aDWCL Main Lib. _cOC |
||
| 082 | _aF A355l 2013 | ||
| 100 |
_aAlcott, Louisa May _eAuthor |
||
| 245 |
_aLittle women / _cLouisa May Alcott |
||
| 260 |
_aLondon : _bHarper Press, an imprint of Harper Collins Publishers, _cc2013. |
||
| 300 |
_aviii, 286 pages ; _c18 cm. |
||
| 504 | _aIncludes glossary. | ||
| 942 |
_2ddc _cFIC. _n0 |
||
| 999 |
_c10196 _d10196 |
||